Ekonomika výroby cukrovej repy záverečná správa

Gespeichert in:
Bibliographische Detailangaben
1. Verfasser: Papšo, P.
Format: Buch
Sprache:Slowakisch
Veröffentlicht: Bratislava Výskumný ústav ekonomiky poľnohospodárstva a potravinárstva 1979
Tags: Tag hinzufügen
Keine Tags, Fügen Sie das erste Tag hinzu!

MARC

LEADER 00000nam a2200000 4500
001 0222606
005 20240822101701.1
041 0 |a slo 
044 |a SK 
245 1 0 |a Ekonomika výroby cukrovej repy  |b záverečná správa  |c Peter Papšo 
264 1 |a Bratislava  |b Výskumný ústav ekonomiky poľnohospodárstva a potravinárstva  |c 1979 
300 |a 92 s. 
100 1 |a Papšo, P.